Statistics for Quiz - Music Divas

Click here to take the quiz!

General Stats

  • This quiz has been taken 11 times
  • The average score is 8 of 10

Answer Stats

HintAnswer% Correct
She's known for her powerful voice and incredible vocal range, as well as her worldwide success with "My Heart Will Go On.Céline Dion
100%
Her debut in acting came with the highly praised movie "The Bodyguard," where she starred alongside Kevin Costner.Whitney Houston
100%
Dubbed "Queen Bey," she started her career in a famous girls band before becoming a global icon in pop and R&B music.Beyonce
89%
She was the lead singer of the famous soul and R&B girl group, The Supremes, before embarking on a successful solo career.Diana Ross
89%
Known for her eccentric stage performances and flamboyant style, she conquered the world with hits like "Bad Romance" and "Poker FaceLady Gaga
89%
She's famous for her spectacular voice and unforgettable hits like "Hero" and "All I Want for Christmas Is You.Mariah Carey
89%
Her electrifying live performances and signature raspy voice made her a rock and roll icon, earning her the title 'Queen of Rock 'n' RollTina Turner
78%
She began her career as a teenage pop singer before reinventing herself as a mature artist with a powerful voice and impressive stage presence.Christina Aguilera
67%
She was nicknamed "the queen of disco" and is known for iconic hits like "Hot Stuff" and "Last Dance."Donna Summer
67%
She's a versatile artist known for her singing, dancing, and acting from the BronxJennifer Lopez
56%

Score Distribution

Percentile by Number Answered

Percent of People with Each Score

Your Score History

You have not taken this quiz